| 000 | 01321nam a2200337 a 4500 | ||
|---|---|---|---|
| 008 | 980113s1997 m yxo 0 slo c | ||
| 020 |
_a8090049397 _c9 |
||
| 040 |
_aSNK _bslo _cSNK _eAACR2 |
||
| 041 | 1 |
_aslo _ager _aeng |
|
| 044 |
_axo _cSK |
||
| 080 | _a908.234.372.4(084.4) | ||
| 080 | _a796.5 | ||
| 110 | 0 |
_aMAPA Slovakia Bratislava, Slovensko _4aut |
|
| 245 | 1 | 0 |
_aŠariš _hkartografický dokument _bpodrobný atlas regiónu _cspracovala MAPA Slovakia s.r.o, Bratislava ; riadiaci redaktor: A. Magula ; technický redaktor: B. Glos ; mapová časť: D. Šándor, A. Fuknová, G. Glosová ; textová časť: K. Ondrejka |
| 260 |
_aBratislava _bMAPA Slovakia _c1997 |
||
| 300 |
_a1 atlas (96 s.) _bmapy a text _c30x21 cm |
||
| 500 | _aText aj nem. a angl. | ||
| 500 | _aObs. inform., graf. mierky, klad l., pl., rekl., vysvetl. Red. uzávierka 1.7.1997 | ||
| 505 | 0 | _aObsahuje 13 máp | |
| 651 | 0 | 7 |
_aŠariš (Slovensko) _xatlasy regiónov _xmapy orientačné _2SNK |
| 700 | 1 |
_aMagula, A. _4lso |
|
| 700 | 1 |
_aGlos, Boris _4lso |
|
| 700 | 1 |
_aŠándor, D. _4wam |
|
| 700 | 1 |
_aFuknová, Alexandra _4wam |
|
| 700 | 1 |
_aGlosová, Dana _4wam |
|
| 700 | 1 |
_aOndrejka, Kliment _4lyr |
|
| 700 | 1 |
_aČeman, Róbert _4bjd |
|
| 700 | 1 |
_aDugas, Dionýz _4pht |
|
| 923 |
_aorientačný _bviazaný _cúčelový |
||
| 958 | _aCAT | ||
| 999 |
_c15300 _d15300 |
||